Некоторые методы позиционного и программного управления: сборник научных трудов

Библиографические подробности
Автор-организация: Академия наук СССР (АН СССР) Уральский научный центр (УНЦ)
Другие авторы: Короткий А. И. (редактор), Максимов В. И.
Язык:русский
Опубликовано: Свердловск, Изд-во УНЦ АН СССР, 1987
Предметы:
Формат: Книга
Запись в KOHA:https://koha.lib.tpu.ru/cgi-bin/koha/opac-detail.pl?biblionumber=270441

MARC

LEADER 00000nam0a2200000 4500
001 270441
005 20231101234338.0
035 |a (RuTPU)RU\TPU\book\293622 
090 |a 270441 
100 |a 20140929d1987 k y0rusy50 ca 
101 0 |a rus 
102 |a RU 
105 |a y z 001zy 
200 1 |a Некоторые методы позиционного и программного управления  |e сборник научных трудов  |f Академия наук СССР (АН СССР), Уральский научный центр (УНЦ) ; под ред. А. И. Короткого, В. И. Максимова 
210 |a Свердловск  |c Изд-во УНЦ АН СССР  |d 1987 
215 |a 152 с. 
320 |a Библиография в конце статей 
606 1 |a Автоматическое управление  |2 stltpush  |3 (RuTPU)RU\TPU\subj\943  |9 29748 
610 1 |a программное управление 
610 1 |a позиционное управление 
610 1 |a методы 
610 1 |a алгоритмы 
610 1 |a задачи 
610 1 |a динамические системы 
675 |a 681.51  |v 3 
702 1 |a Короткий  |b А. И.  |4 340 
702 1 |a Максимов  |b В. И.  |4 340 
712 0 2 |a Академия наук СССР (АН СССР)  |b Уральский научный центр (УНЦ)  |2 stltpush  |3 (RuTPU)RU\TPU\col\3284 
801 1 |a RU  |b 63413507  |c 20140929 
801 2 |a RU  |b 63413507  |c 20161202  |g RCR 
942 |c BK